00504nam a2200193 a 4500001001300000003000900013005001700022008004100039020001000080082001800090100001900108245002200127260005400149300000800203500003500211505003200246650001300278700001900291nice12345678IN_TiNIC20260116011744.0050524s1942 hyda grp 000 0 urd  ac10000a297.831bQAS4 aQasim, Saiyyid aShifa-Al-Momineen aHyderabad bMarkazi Anjuman Taleemus Salat c1942 a43p aincludes index and biblioraphy2 athree parts of first volume aMahdavia1 aQasim, Saiyyid